000 00794nam a2200241 a 4500
001 BRL_694
005 20190320210845.0
008 250913s1980----nq-#######---#000-p#spa-#
041 _aspa
044 _anq
050 4 _aPQ7519.D3
_b.N84 1980
245 1 0 _aNuestro Ruben Dario
_cintroducción de Ernesto Mejía Sánchez ; selección de Jorge Eduardo Arellano ... [et al.].
260 _aManagua, Nicaragua
_bMinisterio de Cultura
_c1980
300 _a184 p.
_c21 cm.
440 0 _aColección popular de literatura nicaragüense
_v2
_924669
500 _aAu785
600 1 4 _aDarío, Rubén
_d1867-1916
_924670
650 1 4 _aPoesía nicaragüense
_ySiglo XX
_924671
700 1 _aMejía Sánchez, Ernesto
_924672
700 1 _aArellano, Jorge Eduardo
_924673
902 _aGRL
942 _2lcc
_cB
999 _c9506
_d9506